00389nam a2200133Ia 4500003000400000008004100004040001600045082001500061100002400076245007700100260006500177300000800242490000500250GCL140319s9999 xx 000 0 ara d aGCL / cGCL04a189bم د1 aمحمد مفتاح10aدنيامية النص :تنظير وانجاز / cمحمد مفتاح a[S.N] : bالمركز الثقافى العربى ، c1987 a224 a